[Event "ch-PER 2017"]
[Site "masterchessopen.com Lima PER"]
[Date "2017.03.02"]
[Round "3.3"]
[White "Aguilar,V"]
[Black "Vera Siguenas,D"]
[Result "0-1"]
[WhiteElo "2179"]
[BlackElo "2546"]

1.Nf3 d5 2.d4 Nf6 3.g3 g6 4.Bg2 Bg7 5.O-O O-O 6.c4 dxc4 7.Na3 a5 8.Nxc4 Be6
9.Nce5 Bd5 10.b3 c6 11.Bb2 a4 12.Nd2 Bxg2 13.Kxg2 a3 14.Bc3 Nd5 15.Qc2 c5
16.Ndf3 Nxc3 17.Qxc3 cxd4 18.Qc4 Qd6 19.Qb5 Na6 20.Rfd1 Nc7 {#R} 0-1

[Event "ch-PER 2017"]
[Site "masterchessopen.com Lima PER"]
[Date "2017.03.02"]
[Round "3.5"]
[White "Robledo,M"]
[Black "Martinez Alcantara,Jose Eduardo"]
[Result "0-1"]
[WhiteElo "2173"]
[BlackElo "2446"]

1.d4 Nf6 2.c4 g6 3.Nc3 Bg7 4.Nf3 O-O 5.e3 c5 6.Be2 cxd4 7.exd4 d5 8.c5 Nc6
9.O-O Ne4 10.h3 b6 11.cxb6 axb6 12.Bb5 Bb7 13.Re1 Nd6 14.Bxc6 Bxc6 15.Bf4 Ne4
16.Ne5 Nxc3 17.bxc3 Ba4 18.Qb1 Rc8 19.Qb4 Bc2 20.Rac1 Bf5 21.Re2 Re8 22.Rb2 f6
23.Nf3 Rc6 24.c4 Qc8 25.c5 bxc5 26.Rxc5 Rxc5 27.Qxc5 Qxc5 28.dxc5 e5 29.Bd2
Rc8 30.Rb5 Bf8 31.Bb4 Bd3 32.Ra5 Kf7 33.a3 Ke6 34.Ne1 Bc4 35.Nc2 d4 36.a4 Rb8
37.c6 Bxb4 38.c7 Rc8 39.Nxb4 d3 {#R} 0-1

[Event "ch-PER 2017"]
[Site "masterchessopen.com Lima PER"]
[Date "2017.03.02"]
[Round "3.12"]
[White "Escalante Ramirez,Brian Sebasti"]
[Black "Alfaro Mauricio,Kevin Johan"]
[Result "1-0"]
[WhiteElo "2313"]
[BlackElo "1919"]

1.e4 c5 2.Nf3 g6 3.d4 cxd4 4.Nxd4 Bg7 5.c4 Nc6 6.Be3 Nf6 7.Nc3 O-O 8.Be2 d6
9.O-O Bd7 10.Qd2 Nxd4 11.Bxd4 Bc6 12.f3 a5 13.b3 Nd7 14.Bf2 Nc5 15.Rab1 e6
16.Nb5 Be5 17.Rfd1 Bxb5 18.cxb5 Qe7 19.Qe3 f5 20.f4 Bxf4 21.Qxf4 Nxe4 22.Rbc1
g5 23.Qe3 d5 24.Bf3 Nxf2 25.Qxf2 Qd6 26.Qc5 Rfd8 27.Qxd6 Rxd6 28.g4 f4 29.Rc7
b6 30.Re1 d4 31.Bxa8 {#r} 1-0

[Event "ch-PER 2017"]
[Site "masterchessopen.com Lima PER"]
[Date "2017.03.02"]
[Round "3.13"]
[White "Tasayco,A"]
[Black "Principe,A"]
[Result "0-1"]
[WhiteElo "1879"]
[BlackElo "2299"]

1.e4 e6 2.d3 d5 3.Nd2 c5 4.Ngf3 Nc6 5.g3 Nge7 6.Bg2 g6 7.O-O Bg7 8.Re1 O-O
9.c3 b6 10.h4 Ba6 11.exd5 Nxd5 12.Ne4 Qd7 13.Qc2 Rad8 14.Bf1 h6 15.a3 f5
16.Ned2 e5 17.Nc4 Rde8 18.Qa4 Bb7 19.Qb3 Kh8 20.Qc2 Re7 21.Bg2 Rd8 22.Bf1 Rde8
23.Bg2 Ba6 24.Bf1 Nf6 25.b4 Bxc4 26.dxc4 e4 27.Nh2 cxb4 28.axb4 Ne5 29.Bf4 Nh5
30.Be3 f4 31.gxf4 Nf3+ 32.Kh1 Nxe1 33.Rxe1 Qf5 34.Rd1 Nxf4 35.c5 Nd5 36.cxb6
Nxe3 37.fxe3 axb6 38.Bg2 Qf6 39.c4 Qxh4 40.c5 Be5 41.Bf1 bxc5 42.bxc5 Rf8 {#R}
0-1

[Event "ch-PER 2017"]
[Site "masterchessopen.com Lima PER"]
[Date "2017.03.02"]
[Round "3.15"]
[White "Pacheco,G"]
[Black "Hasegawa Padillla,Isami Alex"]
[Result "0-1"]
[WhiteElo "2224"]
[BlackElo "1829"]

1.e4 e6 2.d4 d5 3.Nd2 c5 4.exd5 Qxd5 5.dxc5 Nc6 6.Ngf3 Qxc5 7.c3 Nf6 8.Bd3 Be7
9.Qe2 O-O 10.Ne4 Nxe4 11.Qxe4 f5 12.Qe2 e5 13.Be3 Qa5 14.Bc4+ Kh8 15.b4 Qc7
16.O-O e4 17.Ng5 Ne5 18.Bb3 f4 19.Bc5 Bxc5 20.bxc5 Qe7 21.Nxe4 f3 22.Qe3 fxg2
23.Kxg2 Nf3 24.Rh1 Qh4 25.h3 Bd7 26.Bd5 Bc6 27.Bxc6 bxc6 28.Nd6 Rf6 29.Rab1
Raf8 30.Rb4 Qh5 31.h4 Ne5 32.Rf1 Rg6+ 33.Kh1 Ng4 34.Qg3 h6 35.Qh3 Nxf2+
36.Rxf2 Rxf2 37.Rd4 Qe2 {#R} 0-1

[Event "ch-PER 2017"]
[Site "masterchessopen.com Lima PER"]
[Date "2017.03.02"]
[Round "3.19"]
[White "Principe,G"]
[Black "Farfan,Gabriel"]
[Result "1-0"]
[WhiteElo "2291"]
[BlackElo "1781"]

1.d4 d5 2.Nf3 Nf6 3.c4 c6 4.Nbd2 Bf5 5.g3 e6 6.Bg2 Nbd7 7.O-O Bd6 8.b3 O-O
9.Bb2 Qe7 10.Ne1 Bg6 11.Nd3 Ba3 12.Qc1 Bxb2 13.Qxb2 Rfd8 14.Nf4 a5 15.Rfe1
Rac8 16.Rac1 e5 17.Nxg6 hxg6 18.cxd5 cxd5 19.dxe5 Qxe5 20.Qa3 Rxc1 21.Qxc1 Qd6
22.Rd1 Qc6 23.Nc4 b6 24.Qd2 Nc5 25.Qd4 Qe6 26.Ne3 Rd7 27.Bf3 {#r} 1-0

[Event "ch-PER 2017"]
[Site "masterchessopen.com Lima PER"]
[Date "2017.03.02"]
[Round "3.20"]
[White "Delgado Romero,Marco"]
[Black "Garceran Izquierdo,Ruben"]
[Result "1-0"]
[WhiteElo "2186"]
[BlackElo "1745"]

1.e4 c6 2.d4 d5 3.Nc3 dxe4 4.Nxe4 Nd7 5.Nf3 Ngf6 6.Ng3 g6 7.h4 Bg7 8.h5 Nxh5
9.Nxh5 gxh5 10.Rxh5 Nf6 11.Rh4 Bf5 12.Bd3 Bg4 13.Bg5 Qa5+ 14.Qd2 Qxd2+ 15.Nxd2
Be6 16.Ke2 O-O-O 17.c3 h6 18.Bf4 Nd5 19.Bg3 Bf6 20.Rh2 Bg5 21.Rah1 Nf4+
22.Bxf4 Bxf4 23.g3 Bg4+ 24.Nf3 Bg5 25.Bf5+ Bxf5 26.Nxg5 Bg6 27.Rxh6 Rhe8 28.f4
Rd5 29.g4 Rb5 30.b4 Bc2 31.Kd2 Rxg5 32.fxg5 Be4 33.Rh8 Rxh8 34.Rxh8+ Kd7
35.Ke3 Bd5 36.a4 Bb3 37.a5 Bd1 38.Kf4 Bb3 39.Rb8 Kc7 40.Rf8 Bd1 41.Rh8 Bb3
42.Rh7 a6 43.g6 fxg6 44.Rxe7+ Kd8 45.Ke5 {#r} 1-0

[Event "ch-PER 2017"]
[Site "masterchessopen.com Lima PER"]
[Date "2017.03.02"]
[Round "3.21"]
[White "Bernales,Oscar"]
[Black "Condori,E"]
[Result "0-1"]
[WhiteElo "1780"]
[BlackElo "2183"]

1.c4 c5 2.Nc3 Nc6 3.Nf3 g6 4.g3 Bg7 5.Bg2 Nh6 6.e4 d6 7.O-O Ng4 8.d3 O-O 9.h3
Nge5 10.Be3 Nxf3+ 11.Qxf3 a6 12.Qd1 Rb8 13.Qd2 b5 14.Bh6 Bxh6 15.Qxh6 bxc4
16.dxc4 Rxb2 17.f4 Qa5 18.Rac1 Qb4 19.e5 Qxc4 20.Rfd1 Nd4 21.Bd5 Ne2+ 22.Kh1
Nxg3+ 23.Kg1 Ne2+ 24.Kh1 Bb7 25.Ne4 Ng3+ 26.Kg1 Qxe4 27.Bxe4 Bxe4 28.f5 Rg2#
0-1

[Event "ch-PER 2017"]
[Site "masterchessopen.com Lima PER"]
[Date "2017.03.02"]
[Round "3.22"]
[White "Fuentes,Mo"]
[Black "Roman,Juan Daniel"]
[Result "1-0"]
[WhiteElo "2182"]
[BlackElo "1694"]

1.e4 Nf6 2.Nc3 d5 3.exd5 Nxd5 4.Nf3 Bf5 5.Bc4 Nxc3 6.bxc3 e6 7.Nd4 Be4 8.O-O
Bc5 9.Re1 Bd5 10.Nxe6 fxe6 11.Qh5+ Kd7 12.Bxd5 exd5 13.Qxd5+ Bd6 14.Qe6+ Kc6
15.Qe4+ Kd7 16.Qf5+ Kc6 17.Rb1 a6 18.Qe4+ Kd7 19.Qg4+ Kc6 20.Qa4+ b5 21.Qe4+
Kd7 22.Qxa8 Rf8 23.Qe4 Qf6 24.Re2 Nc6 25.d4 h6 26.Bd2 Qf7 27.Qg4+ Kd8 28.Qe6
Qh5 29.g3 Ne7 30.Rbe1 Rf6 31.Qe4 c6 32.Qh7 Qf7 33.Qh8+ Kd7 34.Qa8 Qxa2 35.Qb7+
{#r} 1-0

[Event "ch-PER 2017"]
[Site "masterchessopen.com Lima PER"]
[Date "2017.03.02"]
[Round "3.25"]
[White "Vasquez Jimenez,Cristhian"]
[Black "Anicama Orcon,Richard"]
[Result "1-0"]
[WhiteElo "2078"]
[BlackElo "1580"]

1.e4 e5 2.Nf3 Nc6 3.Bb5 a6 4.Ba4 Nf6 5.O-O b5 6.Bb3 g6 7.c3 Bg7 8.d4 exd4 9.e5
Ng4 10.Bg5 Ne7 11.h3 Nxe5 12.Nxe5 Bxe5 13.cxd4 f6 14.dxe5 fxg5 15.Qf3 Rf8
16.Qxa8 c6 17.Qa7 d5 18.exd6 Qxd6 19.Nc3 Rf4 20.Rad1 Qf6 21.Qc7 {#r} 1-0

[Event "ch-PER 2017"]
[Site "masterchessopen.com Lima PER"]
[Date "2017.03.02"]
[Round "3.27"]
[White "Pizzardo,S"]
[Black "Bernedo Ludena,Roque"]
[Result "0-1"]
[WhiteElo "2042"]
[BlackElo "1569"]

1.e4 c5 2.c3 d5 3.exd5 Qxd5 4.d4 Nc6 5.dxc5 Qxd1+ 6.Kxd1 Bg4+ 7.f3 O-O-O+
8.Ke1 Bf5 9.Be3 e6 10.Nd2 Nf6 11.Rd1 Be7 12.Bb5 Ne5 13.Bd4 Nd3+ 14.Bxd3 Bxd3
15.Ne2 e5 16.Bf2 Rhe8 17.Nf1 e4 18.Bd4 Bxc5 19.Bxc5 exf3 20.Ne3 fxe2 21.Rc1 b6
22.Bd4 Nd5 23.Kf2 Nxe3 24.Bxe3 Rd6 25.Bd4 Rd5 26.Rhg1 Rf5+ 27.Ke1 Rf1+ 28.Kd2
e1=Q+ 29.Rxe1 Rexe1 30.Rxf1 Rxf1 31.Kxd3 Rh1 {#R} 0-1

[Event "ch-PER 2017"]
[Site "masterchessopen.com Lima PER"]
[Date "2017.03.02"]
[Round "3.28"]
[White "Guerrero Malpartida,Luis Carlos"]
[Black "Suasnabar,J"]
[Result "1-0"]
[WhiteElo "1689"]
[BlackElo "2023"]

1.e4 e6 2.d4 c5 3.Nf3 cxd4 4.Nxd4 a6 5.Bd3 Qc7 6.O-O Nf6 7.Nc3 d6 8.a4 Be7
9.a5 Nc6 10.Nxc6 bxc6 11.Be3 d5 12.Bb6 Qb8 13.f4 c5 14.e5 Nd7 15.Qg4 O-O
16.Na4 c4 17.Bxh7+ Kxh7 18.Qh5+ Kg8 19.Rf3 f6 20.Rh3 Bb4 21.Qg6 Rf7 22.Qh7+
Kf8 23.Qh8+ Ke7 24.Bd8# 1-0

[Event "ch-PER 2017"]
[Site "masterchessopen.com Lima PER"]
[Date "2017.03.02"]
[Round "3.29"]
[White "Enriquez,M"]
[Black "Villacorta Puchoc,Alfonso Alejandro"]
[Result "0-1"]
[WhiteElo "2020"]
[BlackElo "1567"]

1.d4 d5 2.e3 c6 3.f4 Nf6 4.Bd3 Bg4 5.Nf3 e6 6.Nbd2 Bd6 7.O-O O-O 8.Qe1 Bf5
9.Ne5 Nbd7 10.Qe2 c5 11.c3 cxd4 12.exd4 Ne8 13.Ndf3 f6 14.Nxd7 Qxd7 15.Bd2 Nc7
16.Rae1 Rae8 17.Nh4 Bxd3 18.Qxd3 Qb5 19.Qb1 Na8 20.Rf2 Rf7 21.Rfe2 Rfe7 22.g3
Nb6 23.b3 Nd7 24.Kg2 f5 25.Qc2 Nf6 26.c4 dxc4 27.bxc4 Qc6+ 28.Kh3 Ne4 29.d5
exd5 30.Nxf5 Ng5+ 31.fxg5 Rxe2 32.Rxe2 Rxe2 33.Qd3 Qxc4 34.Qf3 Qe4 35.Qxe4
dxe4 36.Bc3 Bf8 37.Bd4 Rxa2 38.Kg4 b5 39.h4 b4 {#R} 0-1

[Event "ch-PER 2017"]
[Site "masterchessopen.com Lima PER"]
[Date "2017.03.02"]
[Round "3.33"]
[White "Villanueva Valiente,Geordy"]
[Black "Narva Mallqui,Miguel"]
[Result "0-1"]
[WhiteElo "1542"]
[BlackElo "1967"]

1.e4 e6 2.d4 d5 3.e5 c5 4.c3 Qb6 5.Nf3 Nc6 6.Bd3 Bd7 7.Bc2 cxd4 8.cxd4 Nb4
9.O-O Nxc2 10.Qxc2 Ne7 11.Nc3 Rc8 12.Be3 Nf5 13.Qb3 Qxb3 14.axb3 a6 15.Rfc1
Ne7 16.Ne1 Nc6 17.Nd3 Nb4 18.Nxb4 Bxb4 19.Na4 O-O 20.Rxc8 Rxc8 21.Nb6 Rc7
22.Nxd7 Rxd7 23.Rc1 f6 24.f4 Kf7 25.Kf2 Ba5 26.Ke2 Rc7 27.Rxc7+ Bxc7 28.Bd2
Bb6 29.Bc3 f5 30.Kf3 h6 31.h3 g5 32.g4 Kg6 33.Kg3 Bd8 34.Bd2 fxg4 35.hxg4
gxf4+ 36.Bxf4 Ba5 37.Kh4 Be1+ 38.Bg3 Bd2 39.Bf2 Bc1 40.Kg3 Bxb2 {#R} 0-1

[Event "ch-PER 2017"]
[Site "masterchessopen.com Lima PER"]
[Date "2017.03.02"]
[Round "3.34"]
[White "Estrada Zeta,Erick"]
[Black "Salazar Sanchez,Josue"]
[Result "1-0"]
[WhiteElo "1933"]
[BlackElo "1555"]

1.e4 e5 2.Nf3 Nc6 3.Bc4 Nf6 4.O-O Bc5 5.d4 Bxd4 6.Nxd4 Nxd4 7.f4 d6 8.fxe5
dxe5 9.Bg5 Qd6 10.Bxf6 gxf6 11.c3 b5 12.Bd5 Nc6 13.Na3 Rb8 14.Qh5 Rf8 15.Rad1
Ke7 16.b4 Nd8 17.Nc2 Be6 18.Ne3 Qb6 19.Qh6 Bxd5 20.Rxd5 Rg8 21.Kh1 Rg6 22.Nf5+
Ke8 23.Qxh7 Ne6 24.Rfd1 Nf8 25.Qh8 c5 26.bxc5 Qc7 27.Rd6 Rc8 28.c6 Qb8 29.Rd7
{#r} 1-0

[Event "ch-PER 2017"]
[Site "masterchessopen.com Lima PER"]
[Date "2017.03.02"]
[Round "3.36"]
[White "Romero Guimaray,Diego"]
[Black "Cuevas Cupe,Juan Diego"]
[Result "1-0"]
[WhiteElo "1898"]
[BlackElo "1296"]

1.e4 c5 2.Nf3 g6 3.d4 cxd4 4.Nxd4 Nc6 5.Nxc6 bxc6 6.Qd4 Nf6 7.e5 Nd5 8.c4 Nc7
9.e6 f6 10.exd7+ Qxd7 11.Qxd7+ Bxd7 12.Nc3 Bg7 13.Be3 O-O 14.O-O-O Rfd8 15.Bc5
e5 16.Be7 Bh6+ 17.Kc2 Bf5+ 18.Bd3 Bxd3+ 19.Rxd3 Rxd3 20.Kxd3 Kf7 21.Bc5 Ne6
22.Be3 Bxe3 23.fxe3 Rd8+ 24.Kc2 f5 25.b4 e4 26.a4 Kf6 27.b5 cxb5 28.axb5 Nc5
29.Ra1 Rd7 30.Nd5+ Ke5 31.Nb4 Kd6 32.Nc6 Nd3 33.Kc3 Kc5 34.Ra6 g5 35.Nb8 Rc7
36.Nd7+ Rxd7 37.Rc6# 1-0

[Event "ch-PER 2017"]
[Site "masterchessopen.com Lima PER"]
[Date "2017.03.02"]
[Round "3.43"]
[White "Morales,Jim"]
[Black "Perez,Sebastian"]
[Result "1-0"]
[WhiteElo "1937"]
[BlackElo "1510"]

1.e4 c5 2.Nf3 d6 3.Bb5+ Bd7 4.Bxd7+ Qxd7 5.O-O Nf6 6.Re1 Nc6 7.c3 e6 8.d4 cxd4
9.cxd4 Be7 10.Nc3 O-O 11.d5 Ne5 12.dxe6 Qxe6 13.Nd4 Qd7 14.Nf5 Rad8 15.Bg5 h6
16.Nxe7+ Qxe7 17.Nd5 Qe6 18.Nxf6+ gxf6 19.Bxh6 Rfe8 20.f4 f5 21.exf5 Qxh6
22.fxe5 dxe5 23.Qg4+ Kf8 24.Re2 Rd4 25.Qf3 Qb6 26.Kh1 e4 27.Qh3 Qf6 28.Rae1
Red8 29.Qg4 e3 30.Qf3 R8d5 31.g4 Qh4 32.Rxe3 Rd2 33.Re8+ Kg7 34.f6+ Kg6
35.Qe4+ Kxf6 36.Qe7+ Kg7 37.Qxh4 R5d3 38.Qg5+ Kh7 39.Rh8+ Kxh8 40.Qh6+ Kg8
41.Re8# 1-0

[Event "ch-PER 2017"]
[Site "masterchessopen.com Lima PER"]
[Date "2017.03.02"]
[Round "3.44"]
[White "Arcos,Luis"]
[Black "Hepler Ramirez,Narayana"]
[Result "0-1"]
[WhiteElo "1498"]
[BlackElo "1759"]

1.Nf3 Nf6 2.c4 g6 3.d4 Bg7 4.Nc3 d5 5.e3 O-O 6.Bd3 c5 7.O-O cxd4 8.exd4 Nc6
9.Be3 Nb4 10.a3 Nxd3 11.Qxd3 Bf5 12.Qe2 dxc4 13.Qxc4 Rc8 14.Qb3 b6 15.Rfd1 Bg4
16.Rac1 Bxf3 17.gxf3 Qd7 18.Ne2 Qd5 19.Qxd5 Nxd5 20.Nc3 Nxc3 21.bxc3 Rc4
22.Kg2 Rfc8 23.Rd3 e6 24.f4 Bf8 25.Bd2 Ra4 26.d5 exd5 27.Rxd5 Rxa3 28.f5 Bg7
29.fxg6 hxg6 30.Rd3 b5 31.Kf3 b4 32.Ke4 Bxc3 33.Bxc3 Raxc3 34.Ra1 f5+ 35.Ke3
Rxd3+ 36.Kxd3 Rc7 37.Ra5 Rb7 38.Kc2 Kg7 39.Kb3 Kh6 40.Rd5 Kh5 41.Rd4 g5 42.f3
g4 43.f4 Kh4 44.Rd3 Rb5 45.Ka4 Rb6 46.Kb3 a5 47.Re3 a4+ 48.Kb2 b3 49.Kb1 Rb4
50.Re8 Kh3 {#R} 0-1

[Event "ch-PER 2017"]
[Site "masterchessopen.com Lima PER"]
[Date "2017.03.02"]
[Round "3.45"]
[White "Medina,El"]
[Black "Travezano Patino,Eduard Gedeon"]
[Result "1-0"]
[WhiteElo "1750"]
[BlackElo "1346"]

1.d4 Nf6 2.Nf3 c5 3.Bf4 cxd4 4.Nxd4 Nc6 5.Nb3 d5 6.e3 g6 7.Bb5 Bg7 8.Nc3 O-O
9.h3 a6 10.Bxc6 bxc6 11.O-O Re8 12.Be5 Nd7 13.Bxg7 Kxg7 14.f4 e5 15.f5 Qb6
16.Qf3 Rf8 17.f6+ Kg8 18.Rad1 Nc5 19.Rxd5 cxd5 20.Nxd5 Qa7 21.Ne7+ Kh8 22.Nxc5
Qxc5 23.Qxa8 Qxe3+ 24.Kh2 Qe2 25.Qf3 Qxc2 26.Qe3 Bxh3 27.Rf2 Qc7 28.Kxh3 Rd8
29.Rd2 e4 30.Rxd8+ Qxd8 31.Qxe4 Qd7+ 32.g4 h5 33.Kh4 g5+ 34.Kxh5 Qd8 35.Kh6
Qf8+ 36.Kxg5 Qd8 37.Qh1# 1-0

[Event "ch-PER 2017"]
[Site "masterchessopen.com Lima PER"]
[Date "2017.03.02"]
[Round "3.46"]
[White "Villanueva Orrego Martin Williams"]
[Black "Reynaga,Roland"]
[Result "0-1"]
[WhiteElo "1364"]
[BlackElo "1722"]

1.e4 e5 2.Nf3 Nc6 3.Bb5 a6 4.Ba4 Nf6 5.d3 b5 6.Bb3 d6 7.h3 Be7 8.c3 O-O 9.O-O
Na5 10.Bc2 c5 11.Re1 Bb7 12.Nbd2 Re8 13.Nf1 h6 14.Nh4 Nxe4 15.Nf5 Nf6 16.N1g3
Bf8 17.Nh5 d5 18.Qf3 Nxh5 19.Qxh5 Qf6 20.b4 cxb4 21.cxb4 Nc6 22.Re3 Qg6 23.Qf3
Nxb4 24.Nh4 Qg5 25.Rxe5 Qxe5 26.Nf5 Qxa1 {#R} 0-1

[Event "ch-PER 2017"]
[Site "masterchessopen.com Lima PER"]
[Date "2017.03.02"]
[Round "3.51"]
[White "Lopez Herrera,Piero"]
[Black "Benavides Conza,Diego Angelo"]
[Result "1-0"]
[WhiteElo "1752"]
[BlackElo "1296"]

1.e4 c5 2.Nf3 d6 3.Bb5+ Bd7 4.Bxd7+ Nxd7 5.O-O g6 6.c3 Bg7 7.d4 b6 8.Re1 cxd4
9.cxd4 e6 10.Nc3 Ne7 11.Bg5 O-O 12.Qd2 Re8 13.Nb5 Nb8 14.Rac1 Na6 15.a3 Qd7
16.Qd3 h6 17.Bf4 Nc8 18.Nxd6 Nxd6 19.Qxa6 Nb5 20.Ne5 Nc7 21.Qb7 Qxd4 22.Qxc7
Rf8 23.Nd7 Rfd8 24.Ne5 Rf8 25.Qc3 Bxe5 26.Bxe5 Qxc3 27.Rxc3 Rfd8 28.Rec1 Kh7
29.Rc7 Rd3 30.Rxf7+ Kg8 31.Rg7+ Kf8 32.Rh7 Kg8 33.Rh8+ Kf7 34.Rc7+ {#r} 1-0

[Event "ch-PER 2017"]
[Site "masterchessopen.com Lima PER"]
[Date "2017.03.02"]
[Round "4.1"]
[White "Cori,J"]
[Black "Martinez Alcantara,Jose Eduardo"]
[Result "1-0"]
[WhiteElo "2612"]
[BlackElo "2446"]

1.d4 Nf6 2.c4 e6 3.Nf3 b6 4.g3 Bb7 5.Bg2 g6 6.O-O Bg7 7.Nc3 Ne4 8.Nxe4 Bxe4
9.Bg5 Qc8 10.Qd2 O-O 11.Qf4 f5 12.Bh6 d6 13.h4 Nc6 14.Bxg7 Kxg7 15.Rfd1 h6
16.Rac1 Qe8 17.Qe3 e5 18.dxe5 dxe5 19.Qc3 Qe7 20.e3 Rad8 21.a3 a5 22.Ne1 Bxg2
23.Kxg2 Kh7 24.Rd5 f4 25.exf4 exf4 26.Nf3 fxg3 27.Re1 Qf7 28.Rxd8 gxf2 29.Rh1
f1=Q+ 30.Rxf1 Nxd8 31.Ng5+ hxg5 32.Rxf7+ Rxf7 33.hxg5 Nc6 34.Qh3+ Kg8 35.Qc8+
Kg7 36.Qe6 Nd8 37.Qd5 {#r} 1-0

[Event "ch-PER 2017"]
[Site "masterchessopen.com Lima PER"]
[Date "2017.03.02"]
[Round "4.2"]
[White "Cori T.,D"]
[Black "Cruz,Cr"]
[Result "1-0"]
[WhiteElo "2422"]
[BlackElo "2565"]

1.d4 e6 2.Nf3 c5 3.e3 b6 4.dxc5 Bxc5 5.e4 Be7 6.Nc3 d6 7.Bb5+ Bd7 8.Bf4 a6
9.Bxd7+ Qxd7 10.Qd3 Nc6 11.O-O-O Qb7 12.Bxd6 Rd8 13.e5 Bxd6 14.exd6 Nf6 15.Ne4
Nd7 16.Rhe1 h6 17.g4 Nc5 18.Qc3 O-O 19.g5 h5 20.Nf6+ {#r} 1-0

[Event "ch-PER 2017"]
[Site "masterchessopen.com Lima PER"]
[Date "2017.03.02"]
[Round "4.3"]
[White "Vera Siguenas,D"]
[Black "Cori Quispe,Kevin Joel"]
[Result "0-1"]
[WhiteElo "2546"]
[BlackElo "2373"]

1.e4 c5 2.Nf3 e6 3.d3 Nc6 4.g3 g6 5.Bg2 Bg7 6.O-O d6 7.c3 e5 8.Be3 Nge7 9.d4
exd4 10.cxd4 Bg4 11.dxc5 dxc5 12.Qc1 Nd4 13.Nxd4 cxd4 14.Bh6 O-O 15.Bxg7 Kxg7
16.Qf4 Qd7 17.h3 Be6 18.Rd1 Qb5 19.b3 Nc6 20.Na3 Qa5 21.Nc2 Rfd8 22.Ne1 Rac8
23.Qd2 Qxd2 24.Rxd2 Nb4 25.Bf1 a5 26.Nd3 Rc3 27.Kg2 Nc2 28.Rad1 a4 29.Nc1 axb3
30.Nxb3 Bxb3 31.axb3 d3 32.Kg1 Nb4 33.Rb2 Kf6 34.Bg2 Rc2 35.Rbb1 d2 36.Bf3 Na2
37.Ra1 Rd3 38.Be2 Rxb3 39.Bc4 Rbb2 40.Bxa2 Rxa2 41.Rxa2 Rxa2 42.f4 Ke6 43.Kf2
Kd6 44.Ke3 Kc5 45.Kd3 Ra8 46.Kc2 Rd8 47.g4 Rd4 48.e5 Kd5 49.Kc3 Ke4 {#R} 0-1

[Event "ch-PER 2017"]
[Site "masterchessopen.com Lima PER"]
[Date "2017.03.02"]
[Round "4.4"]
[White "Requejo,O"]
[Black "Terry,R"]
[Result "0-1"]
[WhiteElo "2254"]
[BlackElo "2454"]

1.d4 Nf6 2.c4 e6 3.Nc3 Bb4 4.Qc2 d5 5.a3 Bxc3+ 6.Qxc3 Ne4 7.Qc2 O-O 8.Nf3 Nd7
9.g3 a5 10.Bg2 a4 11.O-O c6 12.Rd1 h6 13.Ne5 Nd6 14.Nxd7 Bxd7 15.c5 Nc4 16.e4
b5 17.Bd2 f5 18.exd5 exd5 19.Bf4 g5 20.Be5 Nxe5 21.dxe5 Qe7 22.Rxd5 cxd5
23.Bxd5+ Be6 24.Bxa8 Rxa8 25.Rd1 Bb3 26.Qd3 Qxe5 27.Rc1 Bc4 28.Qd2 Qxc5 29.h4
Qd5 30.Qe3 Qe6 31.Qd2 gxh4 32.Rc3 Re8 33.Re3 Qg6 34.Rxe8+ Qxe8 35.gxh4 Kh7
36.Kh2 Qf7 37.Qf4 Qh5 38.f3 Qf7 39.Qe5 Kg6 40.Qg3+ Kh5 {#R} 0-1

[Event "ch-PER 2017"]
[Site "masterchessopen.com Lima PER"]
[Date "2017.03.02"]
[Round "4.5"]
[White "De La Cruz,Jonathan"]
[Black "Fernandez,Fe"]
[Result "0-1"]
[WhiteElo "1969"]
[BlackElo "2410"]

1.e4 c5 2.Nf3 d6 3.Bb5+ Nd7 4.O-O a6 5.Bd3 Ngf6 6.c3 b5 7.Bc2 Bb7 8.Re1 Qc7
9.d4 cxd4 10.Nxd4 g6 11.Nd2 Bg7 12.Nf1 O-O 13.Qe2 e5 14.Nb3 d5 15.Ng3 Rac8
16.Bd3 Nb6 17.f3 Nc4 18.Bg5 h6 19.Be3 dxe4 20.fxe4 Nxe3 21.Qxe3 Ng4 22.Qa7
Rfd8 23.Rad1 Bf8 24.Kh1 Bc5 25.Qxc5 Qxc5 26.Nxc5 Nf2+ 27.Kg1 Nxd1 28.Rxd1 Rxc5
29.Bc2 Rxd1+ 30.Bxd1 b4 {#R} 0-1

[Event "ch-PER 2017"]
[Site "masterchessopen.com Lima PER"]
[Date "2017.03.02"]
[Round "4.6"]
[White "Leiva,G"]
[Black "Hasegawa Padillla,Isami Alex"]
[Result "1-0"]
[WhiteElo "2404"]
[BlackElo "1829"]

1.d4 e6 2.c4 d5 3.Nf3 c6 4.Qc2 f5 5.Bf4 Nf6 6.e3 Be7 7.Nc3 O-O 8.Bd3 Ne4 9.O-O
Nd7 10.Ne5 Bf6 11.Nxd7 Bxd7 12.f3 g5 13.fxe4 dxe4 14.Bd6 exd3 15.Qxd3 Rf7
16.e4 Rg7 17.Rae1 Be8 18.e5 Be7 19.c5 Bg6 20.b4 b5 21.a4 a6 22.Ra1 g4 23.Ne2
Bg5 24.Qb3 Qc8 25.axb5 cxb5 26.d5 f4 27.Nxf4 Bxf4 28.Rxf4 Bf5 29.Rxf5 exf5
30.e6 Qe8 31.Be5 Rg6 32.Bb2 Qe7 33.Qc3 Qg7 34.Qxg7+ Rxg7 35.Bxg7 Kxg7 36.d6
Kf8 37.c6 {#r} 1-0

[Event "ch-PER 2017"]
[Site "masterchessopen.com Lima PER"]
[Date "2017.03.02"]
[Round "4.7"]
[White "Gomez Caceres,J"]
[Black "Escalante Ramirez,Brian Sebasti"]
[Result "0-1"]
[WhiteElo "2115"]
[BlackElo "2313"]

1.Nf3 Nf6 2.g3 g6 3.Bg2 Bg7 4.O-O O-O 5.d4 d6 6.c4 Nbd7 7.Nc3 e5 8.h3 c6 9.e4
Qb6 10.d5 cxd5 11.cxd5 Nc5 12.Ne1 Bd7 13.Nd3 Nxd3 14.Qxd3 Rfc8 15.Rb1 Qd4
16.Rd1 Qxd3 17.Rxd3 b5 18.Be3 b4 19.Nd1 Nh5 20.a3 a5 21.axb4 axb4 22.Rb3 Rab8
23.Bd2 Rc4 24.Ne3 Rd4 25.Nf1 Ba4 26.Re3 Bh6 27.f4 exf4 28.Ree1 Bb5 29.Bxf4
Nxf4 30.gxf4 Bxf4 31.Ne3 Rc8 32.Kf2 Rd2+ 33.Kf3 Be5 34.Bf1 Bxf1 35.Nxf1 Rxb2
36.Rxb2 Bxb2 37.Nd2 Bc1 38.Ke2 Rc2 39.Rd1 Kg7 40.h4 Rxd2+ {#R} 0-1

[Event "ch-PER 2017"]
[Site "masterchessopen.com Lima PER"]
[Date "2017.03.02"]
[Round "4.10"]
[White "Cuellar,Di"]
[Black "Estrada Zeta,Erick"]
[Result "1-0"]
[WhiteElo "2346"]
[BlackElo "1933"]

1.e4 c5 2.Nc3 Nc6 3.f4 g6 4.Nf3 Bg7 5.Bc4 Nh6 6.d3 d6 7.O-O O-O 8.Qe1 Nd4 9.f5
Nxc2 10.Qh4 Nxf5 11.exf5 Bxf5 12.Bg5 Re8 13.Nd5 Bf8 14.Rac1 Nb4 15.Nxb4 cxb4
16.Nd4 d5 17.Bb5 Bd7 18.Bxd7 Qxd7 19.Rxf7 Bg7 20.Rcf1 Rf8 21.Rxg7+ Kxg7
22.Bh6+ Kg8 23.Bxf8 Rxf8 24.Rxf8+ Kxf8 25.Qxh7 Qg4 26.Qh8+ {#r} 1-0

[Event "ch-PER 2017"]
[Site "masterchessopen.com Lima PER"]
[Date "2017.03.02"]
[Round "4.11"]
[White "Principe,G"]
[Black "Risco Alarcon,Julio"]
[Result "1-0"]
[WhiteElo "2291"]
[BlackElo "1961"]

1.Nf3 Nf6 2.b3 e6 3.g3 b6 4.Bg2 Bb7 5.O-O d5 6.d4 Nbd7 7.Bb2 Be7 8.Nbd2 O-O
9.c4 c5 10.Rc1 Rc8 11.e3 Qc7 12.cxd5 exd5 13.dxc5 bxc5 14.Qc2 Qb6 15.Rfd1 Rfd8
16.Bh3 a5 17.Ne5 Rc7 18.Bf5 h6 19.Ndf3 Nf8 20.Nd2 Ne6 21.Nef3 Ra8 22.Bh3 a4
23.Be5 Rcc8 24.Bg2 Nd8 25.Bh3 Ne6 26.Rb1 Bc6 27.Nh4 axb3 28.axb3 Nd7 29.Nf5
Bf8 30.Bb2 Ng5 31.Bg2 Ra2 32.Qc3 f6 {#r} 1-0

[Event "ch-PER 2017"]
[Site "masterchessopen.com Lima PER"]
[Date "2017.03.02"]
[Round "4.13"]
[White "Rengifo Blancas,Renzo Jhonathan"]
[Black "Noriega,Miguel"]
[Result "1-0"]
[WhiteElo "2221"]
[BlackElo "1913"]

1.e4 d5 2.exd5 Qxd5 3.Nc3 Qa5 4.Bc4 Nf6 5.Nge2 Bg4 6.h3 Bh5 7.g4 Bg6 8.d3 e6
9.Bd2 c6 10.Nf4 Bb4 11.Qe2 O-O 12.a3 Nd5 13.Bxd5 exd5 14.O-O-O Bxc3 15.Bxc3
Qc7 16.Nxg6 hxg6 17.h4 Nd7 18.h5 Qf4+ 19.Bd2 Qe5 20.Qf3 Qf6 21.Qh3 Rfe8 22.h6
gxh6 23.g5 hxg5 24.Qxd7 Re7 25.Qg4 Qf5 26.Qxf5 gxf5 27.Bc3 f6 28.Bxf6 Rh7
29.Bxg5 Rxh1 30.Rxh1 Kf7 31.f4 {#r} 1-0